000
00289nam a2200109Ia 4500
008
230907s9999||||xx |||||||||||||| ||und||
082
_a
658.1553
_b
AUD
100
_a
Audin, Lindsay,
_9
115796
245
0
_a
Lowering your facility's electric rates /
300
_a
xv, 397 pages :
942
_c
BK
999
_c
599569
_d
599569